000 00610nam a22001937i 4500
999 _c22802
_d22802
003 AR-CdUCM
008 240319b20232023pe ||||| |||| 00| 0 spa d
020 _a978-612-49266-2-4
040 _aMUNICIPALIDAD PROVINCIAL DEL CUSCO
_cBIBLIOTECA MUNICIPAL DEL CUSCO
041 _hspa
082 _2Segunda edición
_a869.56 / P176L / e.2
_bP176L / e.2
100 _aPaima del Águila, Reymer
_949506
245 _a Locuri /
260 _aMorales-San Martin :
_bAsociación Cultural Redes Literarias,
_c2023
300 _a62 páginas. :
_c21 cm.
505 _aLocuri
942 _2ddc
_cLIBROS
945 _apbj
_d2023